01998nam a22001457a 4500003000900000005001700009008004100026040001300067100003600080245007900116260002100195300001200216490004300228520158100271IT-RoPau20220918181221.0140526b xxu||||| |||| 00| 0 eng d cIT-RoPau aPie Discepole del Divin Maestro aLa vita in Cristo e nella Chiesa 1962bRivista Liturgica mensile - Anno XI aRomabPDDMc1962 c26,5 cm aLa vita in Cristo e nella Chiesav1962 aElenco autori Gennaio 1962 M. L. Ricci - B.M - Gonzalez - Can. Mignone - Mons. Bondioli - Barra - Marchegiani Febbraio 1962 M. L. Ricci - J. D. - Consonni - Spinillo - M. E. Gonzalez - Can. Mignone - Mons. Bondioli - Barra - Marchegiani Marzo 1962 M. L. Ricci - Mons. Rossi - Consonni - Spinillo - M. E. Gonzalez - Can. Mignone - Mons. Bondioli - Sac. Balboni - M. M. - M. F. Marchegiani - S.S. Giovanni XXIII Aprile 1962 M. L. Ricci - J. G. - Consonni - Spinillo - M. E. Gonzalez - Can. Mignone - Mons. Bondioli - Sac. Balboni - Barra - V.G. - Mons. Fallani Maggio 1962 M. L. Ricci - Spinillo - Consonni - M. E. Gonzalez - Can. - Mignone - Mons. Bondioli - Marchegiani - Cavalletti - Sac. Dante B. - Mons. Fallani Giugno 1962 M. L. Ricci - Mons. De Luca - Spinillo - Mons. Bondioli - Can. MIgnone - E. Gonzalez - Barra - M. F. Marchegiani Luglio 1962 M. L. Ricci - Can. Mignone - Spinillo - E. Gonzalez - Mons. Bondioli - Barra - E. G. Agosto 1962 M. L. Ricci - Can. Mignone - E. Gonzalez - Consonni - Mons. Bondioli - Barra - Rops Settembre 1962 M. L. Ricci - Vita - Can. Mignone - Consonni - Negri - E. Gonzalez - Mons. Bondioli - Barra - D. S. Ottobre 1962 M. L. Ricci - Vita - Can. Mignone - Spinillo - Consonni - M. F. Marchegiani - E. Gonzalez - Sac. Alberione - Mons. Bondioli Barra Novembre 1962 M. L. Ricci - Vita - Can. Mignone - Spinillo - Consonni - M. F. Marchegiani - E. Gonzalez - Mons. Bondioli - Mons. Barra Dicembre 1962 M. L. Ricci - Vita - Spinillo - Can. Mignone - Consonni - M. F. Marchegiani - E. Gonzalez - Mons. Bondioli - Mons. Barra